| Registos Bibliográficos associados ao registo de autoridade |
|
Etiqueta de registo: 00254nam 2200025 450 001 2280370 003 http://id.bnportugal.gov.pt/bib/catbnp/2280370 100 ## $a20260316d2025 k y0pory01030103ba 101 0# $aeng$dpor 102 ## $aPT 105 ## $aa m 000yy 106 ## $ar 200 1# $aCharacterization and integration of the transcriptional programs downstream Ascl1
and Notch signaling during neurogenesis$einvestigating a cell-autonomous cross-talk between the two pathways$fAbeer Heskol$gsupervisor Diogo S. Castro, Gonçalo Castelo-Branco 210 #9 $aOeiras$c[s.n.],$d2025 215 ## $aXXXIII, 206 p.$cil.$d26 cm 300 ## $aAcesso não autorizado pelo período de 3 anos 328 #1 $aTese dout. Integrative Biology and Biomedicine, Instituto de Tecnologia Química e
Biológica António Xavier, Universidade Nova de Lisboa, 2025 675 ## $a575.11(043)$vBN$zpor$31241576 675 ## $a612.82(043)$vBN$zpor$3337469 700 #1 $aHeskol,$bAbeer$31991448 702 #1 $aCastro,$bDiogo S.$4727$31632120 702 #1 $aCastelo Branco,$bGonçalo de Sá e Sousa de$4727$31872610 801 #0 $aPT$bBN$gRPC 966 ## $lBN$mFGMON$sS.A. 193380 V.$x1 971 ## $cssilva$d20260316 973 ## $cmlsousa$d20260326
|
|
|